Locality and community : towards a vehicle for community-based decision making in rural localities in England (Record no. 69893)
[ view plain ]
| 000 -LEADER | |
|---|---|
| fixed length control field | 01101cam a2200229 4500 |
| 001 - CONTROL NUMBER | |
| control field | ABS65275 |
| 008 - FIXED-LENGTH DATA ELEMENTS--GENERAL INFORMATION | |
| fixed length control field | 020403n2002 000 0 eng u |
| 035 ## - SYSTEM CONTROL NUMBER | |
| System control number | (Sirsi) u117319 |
| 100 ## - MAIN ENTRY--PERSONAL NAME | |
| Personal name | Owen, S. |
| 245 ## - TITLE STATEMENT | |
| Title | Locality and community : towards a vehicle for community-based decision making in rural localities in England |
| 260 ## - PUBLICATION, DISTRIBUTION, ETC. | |
| Date of publication, distribution, etc. | 2002 |
| 490 ## - SERIES STATEMENT | |
| Series statement | Town Planning Review |
| Volume/sequential designation | 73(1) January 2002, 41-61(21) |
| 520 ## - SUMMARY, ETC. | |
| Summary, etc. | Aim of the paper is to evaluate current decision making in rural localities such as village appraisals and village design statements, against the criteria of subsidiarity, integration and effectiveness, to measure whether they can be developed further to help local communities. Finally the paper considers the attributes that would need to inform a new community-based instrument for community-based decision making in rural areas. |
| 590 ## - LOCAL NOTE (RLIN) | |
| Local note | ABS |
| 650 ## - SUBJECT ADDED ENTRY--TOPICAL TERM | |
| Topical term or geographic name entry element | DECISION MAKING |
| 650 ## - SUBJECT ADDED ENTRY--TOPICAL TERM | |
| Topical term or geographic name entry element | RURAL COMMUNITIES |
| 650 ## - SUBJECT ADDED ENTRY--TOPICAL TERM | |
| Topical term or geographic name entry element | LOCAL COMMUNITIES |
| 650 ## - SUBJECT ADDED ENTRY--TOPICAL TERM | |
| Topical term or geographic name entry element | SUSTAINABLE DEVELOPMENT |
| 650 ## - SUBJECT ADDED ENTRY--TOPICAL TERM | |
| Topical term or geographic name entry element | APPRAISAL |
| 690 ## - LOCAL SUBJECT ADDED ENTRY--TOPICAL TERM (OCLC, RLIN) | |
| Topical term or geographic name as entry element | Planning and development |
| 9 (RLIN) | 6259 |
| 942 ## - ADDED ENTRY ELEMENTS (KOHA) | |
| Suppress in OPAC | 0 |
| Withdrawn status | Lost status | Source of classification or shelving scheme | Damaged status | Not for loan | Home library | Current library | Shelving location | Date acquired | Total Checkouts | Full call number | Barcode | Date last seen | Copy number | Price effective from | Koha item type |
|---|---|---|---|---|---|---|---|---|---|---|---|---|---|---|---|
| Dewey Decimal Classification | London | London | Journal article | 03/04/2002 | ABS65275 | 117319-1001 | 06/08/2019 | 1 | 06/08/2019 | Journal article |